000
00273nam a22000977a 4500
008
150423b xxu||||| |||| 00| 0 eng d
020
_a
978-0-470-74367-6
_c
Available
082
_2
Fourth Edition
245
_a
Smart Card Handbook
_c
Rankl Wolfgane
260
_a
UK
_b
Wiley & Sons
_c
2010
999
_c
24803
_d
24803